000 01960nam a22002057a 4500
003 JO-AjAnu
005 20240605110628.0
008 240406b jo ||||| |||| 00| 0 ara d
040 _aJO-AjAnu
_cJO-AjAnu
041 0 _aara
050 _aHD37.2023
100 1 _aجروان ، معتز محمود احمد
_965308
_eمعد
245 2 0 _a الاثر المعدل للمناخ للتنظيمي على العلاقة بين ممارسات القيادة الاستراتيجية والأداء المؤسسي لدى ضريبة الدخل والمبيعات في الاردن = The Moderating Impact of Organizational Climate on the Relationship Between Strategic Leadership Practices and institutional Performance at Jordans Income and Sales Tax Department /
_cاعداد معتز محمود احمد جروان ؛ إشراف نضال فواز القضاة
260 _c2023
300 _a147ورقة
504 _a رسالة جامعية (ماجستير) .- جامعة عجلون الوطنية (عجلون، الأردن)، كلية الاعمال ، تخصص ادارة الاعمال، 2023
650 7 0 _aالإدارة الاستراتيجية
_957908
700 1 _aالقضاة، نضال فواز
_964892
_eمشرف
942 _2lcc
_cTHS
_n0
999 _c33432
_d33432